Federation aims to gain favour with name change (Record no. 75504)
[ view plain ]
| 000 -LEADER | |
|---|---|
| fixed length control field | 00988cab a2200157 4500 |
| 001 - CONTROL NUMBER | |
| control field | L130226 |
| 008 - FIXED-LENGTH DATA ELEMENTS--GENERAL INFORMATION | |
| fixed length control field | 050704n2005 000 0 eng u |
| 035 ## - SYSTEM CONTROL NUMBER | |
| System control number | (Sirsi) u130226 |
| 041 ## - LANGUAGE CODE | |
| Language code of text/sound track or separate title | eng |
| 245 ## - TITLE STATEMENT | |
| Title | Federation aims to gain favour with name change |
| 260 ## - PUBLICATION, DISTRIBUTION, ETC. | |
| Date of publication, distribution, etc. | 2005 |
| 490 ## - SERIES STATEMENT | |
| Series statement | Inside Housing |
| Volume/sequential designation | 22(18) 6 May 2005, 4(1) |
| 520 ## - SUMMARY, ETC. | |
| Summary, etc. | The House Builders Federation, the largest private developers' lobbying group in the UK, representing 300 firms in England and Wales, has adopted from 1 May 2005 a new brand, Home Builders Federation (HBF), to fit in with the sustainable communities agenda. HBF has also taken steps towards improving customer satisfaction in the house building industry by commissioning a buyers' survey. The survey will scrutinise the opinions of more than 40 000 new homebuyers over the next six months and shows the industry's commitment in taking forward the recommendations in the Barker Review. |
| 690 ## - LOCAL SUBJECT ADDED ENTRY--TOPICAL TERM (OCLC, RLIN) | |
| Topical term or geographic name as entry element | PROPERTY-PROPERTY DEVELOPMENT |
| 942 ## - ADDED ENTRY ELEMENTS (KOHA) | |
| Suppress in OPAC | 0 |
| Withdrawn status | Lost status | Source of classification or shelving scheme | Damaged status | Not for loan | Home library | Current library | Shelving location | Date acquired | Total Checkouts | Full call number | Barcode | Date last seen | Copy number | Price effective from | Koha item type |
|---|---|---|---|---|---|---|---|---|---|---|---|---|---|---|---|
| Dewey Decimal Classification | London | London | Journal article | 04/07/2005 | L130226 | 130226-1001 | 06/08/2019 | 1 | 06/08/2019 | Journal article |